000 00386nam a2200133Ia 4500
008 231017s9999 xx 000 0 und d
082 _a625.85
082 _bEPP
245 0 _aNCHRP Report 455: Recommended Performance-Related Specification for Hot-Mix Asphalt Construction: Results of the West Break Project
245 0 _cNCHRP
260 _bNCHRP
300 _c30cm
942 _cREP
999 _c604714
_d604714